Aplicación de las dos normas de control granulométrico especificadas en el CSCR 02 en la elaboración del concreto de relleno en bloques de mampostería
Guardado en:
| Hovedforfatter: | |
|---|---|
| Format: | Bog |
| Udgivet: |
[San José, Costa Rica]
2009
|
| Fag: | |
| Tags: |
Tilføj Tag
Ingen Tags, Vær først til at tagge denne postø!
|
MARC
| LEADER | 00000nam a2200000Ia 4500 | ||
|---|---|---|---|
| 003 | 001290 | ||
| 005 | 20221231144052.0 | ||
| 008 | 140114s2009 cr a 000 ||s d | ||
| 040 | |c cru CEDI | ||
| 090 | |a TFG 5813 | ||
| 100 | |a Carvajal Quirce, Luis Diego |9 3950 | ||
| 245 | |a Aplicación de las dos normas de control granulométrico especificadas en el CSCR 02 en la elaboración del concreto de relleno en bloques de mampostería | ||
| 260 | |c 2009 |b [San José, Costa Rica] | ||
| 300 | |a xi, 105 hojas; ilustraciones a color | ||
| 500 | |a Tesis (licenciatura en ingeniería civil)--Universidad de Costa Rica. Escuela de Ingeniería Civil | ||
| 650 | |x MAMPOSTERIA |x NORMAS |x BLOQUES DE HORMIGON |x DISEÑO DE ESTRUCTURAS |x CONSTRUCCIONES DE HORMIGON |x CODIGO SISMICO |x MUROS |x DISEÑO Y CONSTRUCCION |9 3951 | ||
| 942 | |c TFG | ||
| 999 | |c 16422 |d 16422 | ||
